[Event "SVK-ch U14"]
[Site "Liptovsky Mikulas"]
[Date "2016.04.19"]
[Round "5"]
[White "Antal, Jakub"]
[Black "Koscak, Julian"]
[Result "1-0"]
[WhiteElo "1722"]
[BlackElo "1342"]
[PlyCount "73"]
[EventDate "2016.04.16"]
[EventType "swiss"]
[EventRounds "9"]
[EventCountry "SVK"]
[SourceTitle "CBM 172 Extra"]
[Source "ChessBase"]
[SourceDate "2016.06.21"]
[SourceVersion "1"]
[SourceVersionDate "2016.06.21"]
[SourceQuality "1"]

1. c4 c5 2. Nc3 Nc6 3. Nf3 d6 4. g3 g6 5. Bg2 Bg7 6. 0-0 Bd7 7. Ne1 Nf6 8. Nc2 0-0 9. Rb1 a5 10. Na3 Rb8 11. Nab5 Ne5 12. d3 Bc6 13. a3 Bxg2 14. Kxg2 Nc6 15. Bd2 Qd7 16. Na4 b6 17. b4 Qb7 18. f3 Nd7 19. Qc2 Nd4 20. Nxd4 Bxd4 21. bxa5 Qa8 22. axb6 Ne5 23. e3 Bxe3 24. Bxe3 Ng4 25. Bd2 f5 26. h3 Nf6 27. Bg5 d5 28. Bxf6 Rxf6 29. cxd5 Qxd5 30. Qc4 Qxc4 31. dxc4 Rd6 32. Rfd1 Re6 33. Kf2 Kf7 34. b7 Ra6 35. Nxc5 Ra7 36. Rd7 Ke8 37. Rd3 1-0

[Event "SVK-ch U14"]
[Site "Liptovsky Mikulas"]
[Date "2016.04.16"]
[Round "1"]
[White "Brnusak, Andrej"]
[Black "Koscak, Julian"]
[Result "1-0"]
[WhiteElo "1737"]
[BlackElo "1342"]
[PlyCount "37"]
[EventDate "2016.04.16"]
[EventType "swiss"]
[EventRounds "9"]
[EventCountry "SVK"]
[SourceTitle "CBM 172 Extra"]
[Source "ChessBase"]
[SourceDate "2016.06.21"]
[SourceVersion "1"]
[SourceVersionDate "2016.06.21"]
[SourceQuality "1"]

1. e4 c5 2. Nc3 Nc6 3. Bc4 d6 4. f4 g6 5. Nf3 Bg7 6. 0-0 Nf6 7. d3 0-0 8. Qe1 Bg4 9. h3 Bxf3 10. Rxf3 Nb4 11. Bb3 Qb6 12. Kh1 Rac8 13. f5 Nd7 14. Qh4 Ne5 15. Rg3 Bf6 16. Bg5 Nd7 17. fxg6 hxg6 18. Bxf6 Nxf6 19. Rxg6# 1-0